000 01190nam0a2200325 i 4500
001 RU\NLR\BIBL_A\010787308
005 20241102105551.0
010 _a9785829117535
_9500
021 _aRU
_b2015-38343
_92274
035 _a(NILC)RuMoRGB-007940825
035 _a(NLR Aleph) 010787308
090 _a10098129
_c10098129
100 _a20150623d2015 km y0rusy50 ca
101 1 _arus
_ceng
102 _aRU
105 _aa|||z|||000yy
200 1 _aГештальт: искусство контакта
_fСерж Гингер
_g[пер. с англ. Т. А. Ребеко]
205 _a5-е изд.
210 _aМосква
_cАкадемический проект
_d2015
215 _a191 с.
_cил.
_d21
225 1 _aПсихотерапевтические технологии
_fнауч. ред.: проф. В.В. Макаров
606 _aГештальтпсихология
_jПрактические пособия
_91416608
_3RU\NLR\AUTH\66285939
686 1 _aЮ91(0)6-735я7
686 1 _aЮ948.1-82я7
700 1 _aГингер
_bС.
_gСерж
801 0 _aRU
_bРГБ
_c20150528
_gRCR
942 _cBOOK
980 _aNBR